007020000a22001450004500090001400000245016200014041001400176500004500190700003600235100003100271942001300302773005000315999001700365952017400382 aARb0414910aHowler monkeys (Aloutta palliata), dung beetles (Scarabaeidae) and seed dispersalsecological interactions in the tropical rain forest of Los Tuxtlas, Mexico0 aEspañol a1 aCoates Estrada, Rosamond9933791 aEstrada , Alejandro993380 cARTICULO1 tJournal of Tropical Ecologyh7q457-474d1991 c13247d13247 001040718HEMEROTECAaBogotabBogotad2006-11-03eTrujillo, DiegohFuera de circulaciónl0oAR 04149p023582r2015-03-25 00:00:00t1w2015-03-25xEntregadoyARTICULO